| 000 | 00490nam a2200169Ia 4500 | ||
|---|---|---|---|
| 999 |
_c6104 _d6104 |
||
| 003 | OSt | ||
| 005 | 20200125101731.0 | ||
| 008 | 190216s9999||||xx |||||||||||||| ||und|| | ||
| 040 | _coclc | ||
| 082 |
_a658.5 _bGUP/P |
||
| 100 |
_aGupta, C B _91172 |
||
| 245 | 0 |
_aProduction Productivity And Cost Effectiveness / _cC B Gupta |
|
| 250 | _a7th ed. | ||
| 260 |
_bSulthan Chand&Sons, _c1995. _aNew Delhi: |
||
| 300 | _a299p | ||
| 942 |
_cBK _2ddc _h658.5 _iGUP/P _k658.5 _mGUP/P |
||